Three essays on the theory of sexuality.

Guardado en:
书目详细资料
主要作者: Freud, Sigmund (autor)
其他作者: Strauss, Gloria D. (autor) (autor), Voisin, Marcel (autor) (autor)
格式: 图书
语言:英语
主题:
标签: 添加标签
没有标签, 成为第一个标记此记录!

MARC

LEADER 00000cam^a2200000uu^4500
001 000479450
005 20250521000000.0
008 050901s1962^^^^^^^^^^^^rd^r^^000^0^eng^d
009 20260310124938.429
035 |a FCE 000022452 
035 |a FCE 002731 
037 |a Acervo ITESO - Biblioteca 
041 |a eng 
082 0 4 |a 157.7  |b FREt 
100 |a Freud, Sigmund  |e (autor) 
245 1 0 |a Three essays on the theory of sexuality. 
264 |a New York :  |b Discus books,  |c 1962. 
300 |a 174 p. 
336 |a texto  |b txt  |2 rdacontenido 
337 |a sin mediación  |b n  |2 rdamedio 
338 |a volumen  |b nc  |2 rdasoporte 
649 |a XX 
650 |a Teoría 
650 |a Sexualidad 
700 |a Strauss, Gloria D.  |e (autor) 
700 |a Voisin, Marcel  |e (autor) 
910 |a Fondo Centro de Estudios Educativos 
920 |a Impresos - Libros 
930 |a Fondos Especiales 
905 |a 133 
901 |a ALE002731  |b IT2  |c CEE  |u 20250521 
902 |a https://opac.biblio.iteso.mx/vufind/Record/000479450